00411nam a2200121Ia 4500008004100000245008300041260002700124260000900151300000900160650002600169650001200195856008200207170516s9999 xx 000 0 und d aImage-guided Percutaneous Transhepatic Removal of Fish Bone from Liver Abscess bJournal of Radiology s c2017 a11:2 xRadiologic Technology xRadtech uhttp://www.radiologycases.com/index.php/radiologycases/issue/view/130/showToc